| 000 | 00775nam a2200229Ia 4500 | ||
|---|---|---|---|
| 003 | GCL | ||
| 008 | 140319s9999 xx 000 0 ara d | ||
| 020 | _a5091344977 | ||
| 040 |
_aGCL / _cGCL |
||
| 082 | 0 | 4 |
_a278.6 _bا ر |
| 100 | 1 | _aاحمد على عجيبة | |
| 245 | 1 | 0 |
_aالرهبانية المسيحية وموقف الاسلام منها / _cاحمد على عجيبة |
| 250 | _aالاولى | ||
| 260 |
_aالقاهرة : _bدار الافاق العربية ، _c2004 |
||
| 300 |
_a159 ص ؛ _c24 سم |
||
| 490 |
_aموسوعة العقيدة والاديان _v6 |
||
| 650 | 0 | 4 | _aالاسلام والمسيحية |
| 650 | 0 | 4 | _aالاديرة |
| 650 | 0 | 4 | _aالمسيحية |
| 650 | 0 | 4 | _aالرهبنة - الحياة الدينية |
| 942 |
_2ddc _cBK |
||
| 999 |
_c8672 _d8672 |
||